Statistics for August 28th: Birthdays

Click here to take the quiz!

General Stats

  • This quiz has been taken 4 times
  • The average score is 3 of 12

Answer Stats

YearClueAnswer% Correct
1749Made FaustJohann Wolfgang von Goethe
75%
1965Artist of You're Still the OneShania Twain
75%
1982Artist of Blue
LeAnn Rimes
50%
1917Created X-MenJack Kirby
25%
1938Prime Minister of CanadaPaul Martin
25%
1969COO of FacebookSheryl Sandberg
25%
1957Made Kui Hua ZiAi Weiwei
0%
17741st American Catholic saintElizabeth Ann Bayley Seton
0%
1592Duke of BuckinghamGeorge Villiers
0%
1884New Zealand Prime MinisterPeter Fraser
0%
1969NHL StarPierre Turgeon
0%
1958Won Olympic Gold in 1984Scott Hamilton
0%

Score Distribution

Percentile by Number Answered

Percent of People with Each Score

Your Score History

You have not taken this quiz